Mike Meyers' CompTIA A+ guide : (Record no. 3785)

MARC details
000 -LEADER
fixed length control field 00775nmm a22002172 4500
001 - CONTROL NUMBER
control field 0000018678
005 - DATE AND TIME OF LATEST TRANSACTION
control field 20151217145906.0
008 - FIXED-LENGTH DATA ELEMENTS--GENERAL INFORMATION
fixed length control field s xx b eng d
020 ## - INTERNATIONAL STANDARD BOOK NUMBER
Terms of availability $
040 ## - CATALOGING SOURCE
Original cataloging agency KABU
Transcribing agency KABU
100 1# - MAIN ENTRY--PERSONAL NAME
Personal name Meyers, Mike.
-- 0000171020
245 10 - TITLE STATEMENT
Title Mike Meyers' CompTIA A+ guide :
Remainder of title PC technician (Exams 220-602, 220-603, & 220-604) /
Statement of responsibility, etc. Mike Meyers
Medium [computer file].
250 ## - EDITION STATEMENT
Edition statement ed.
260 ## - PUBLICATION, DISTRIBUTION, ETC. (IMPRINT)
Place of publication, distribution, etc. New York :
Name of publisher, distributor, etc. McGraw-Hill,
Date of publication, distribution, etc. 2007.
300 ## - PHYSICAL DESCRIPTION
Extent 1 computer laser optical disk ;
Dimensions 4 3/4 in +
Accompanying material 1 CD-ROM.
650 #0 - SUBJECT ADDED ENTRY--TOPICAL TERM
Topical term or geographic name as entry element Computer technicians
General subdivision Study guide.
-- 0000185743
650 #0 - SUBJECT ADDED ENTRY--TOPICAL TERM
Topical term or geographic name as entry element Computing Technology Industry Association
General subdivision Examinations
-- Study guides.
-- 0000171021
908 ## - PUT COMMAND PARAMETER (RLIN)
Put command parameter 100412
950 ## - LOCAL HOLDINGS (RLIN)
-- 1
Holdings
Withdrawn status Lost status Source of classification or shelving scheme Not for loan Home library Current library Date acquired Total Checkouts Full call number Barcode Date last seen Price effective from Koha item type
    Library of Congress Classification   Kabarak, Main Campus Kabarak, Main Campus 17/12/2015   QA76.3 .M49 2007 18871 17/12/2015 17/12/2015 General Collection
Designed with assistance from East African Informatics Ltd